000 00305nam a22001337a 4500
008 181220b xxu||||| |||| 00| 0 eng d
020 _a1882393104
041 _aeng
080 _a371
100 _a46
101 _aEDU
245 _aThe Primer for Institutional Research
_cKnight,W.E
942 _2udc
_cBK
999 _c53569
_d53569